000 00414nam a22001577a 4500
003 NUST - PNEC
005 20170116181108.0
008 151003b xxu||||| |||| 00| 0 eng d
040 _cLIBRARY
082 _a954.9 YUS
100 _912745
_aYusufi, Allah Bakhsh
245 _aThe Khilafat movement
_cYusufi, Allah Bakhsh
260 _c1984
650 _912743
_bKhilafat movement
_xGeneral books
942 _2ddc
_cBK
999 _c69007
_d69007